000 00788nam a2200241 i 4500
001 82255
003 ES-MaACL
005 20250728221708.0
007 t|
008 041209s1984 sp ||||1| spa d
020 _a84-7530-834-1
080 _a16
100 1 _aEscoto Eriúgena, Juan.
_947623
245 1 0 _aDivisión de la naturaleza
_b: (Periphyseion) /
_cJuan Escoto Eriúgena ; [traducción de Francisco José Fortuny].
260 _aBarcelona :
_bOrbis,
_c1984.
300 _a158 p. ;
_c20 cm.
490 1 _aHistoria del pensamiento ;
_v64
650 7 _aFilosofía de la naturaleza
_2embne
_912839
700 1 _aFortuny, Francisco José.
_951880
830 0 _aHistoria del pensamiento ;
_v64
_9184241
852 _aES-MaACL
_jE-10557
_bR.134721
999 _c82255
_d82255